Thiết kế đồ án công nghệ chế tạo máy : Giáo trình cho sinh viên cơ khí

שמור ב:
מידע ביבליוגרפי
מחבר ראשי: Trần, Văn Địch
פורמט: ספר
שפה:Undetermined
יצא לאור: Hà Nội Khoa học Kỹ thuật 2004
נושאים:
תגים: הוספת תג
אין תגיות, היה/י הראשונ/ה לתייג את הרשומה!
Thư viện lưu trữ: Trung tâm Học liệu Trường Đại học Cần Thơ
LEADER 00639nam a2200205Ia 4500
001 CTU_63290
008 210402s9999 xx 000 0 und d
020 |b 20000 
082 |a 621.82 
082 |b Đ302 
100 |a Trần, Văn Địch 
245 0 |a Thiết kế đồ án công nghệ chế tạo máy : 
245 0 |b Giáo trình cho sinh viên cơ khí 
245 0 |c Trần Văn Địch 
260 |a Hà Nội 
260 |b Khoa học Kỹ thuật 
260 |c 2004 
650 |a Machine design,Mechanical engineering 
904 |i Minh 
980 |a Trung tâm Học liệu Trường Đại học Cần Thơ